World's strongest military quiz - Statistics

General Stats
  • This quiz has been taken 3 times
  • The average score is 4 of 14
Answer Stats
Answer % Correct
togo
100%
fuckistan
67%
ligma
67%
ants
33%
bitchland
33%
deez nuts
33%
dogs
33%
somalia
33%
whales
33%
africa
0%
europe
0%
isis
0%
wotah
0%
your mom
0%
No matching quizzes found
Score Distribution
Percent of People with Each Score
Percentile by Number Answered
Your Score History
You have not taken this quiz